[Event "Girona Gerunda op"]
[Site "Girona"]
[Date "2018.10.23"]
[Round "5"]
[White "Diaz Comas, Jordi"]
[Black "Horta Gafarot, Biel"]
[Result "1-0"]
[WhiteElo "2049"]
[BlackElo "2036"]
[PlyCount "73"]
[EventDate "2018.09.25"]
[EventType "swiss"]
[EventRounds "9"]
[EventCountry "ESP"]
[SourceTitle "EXT 2020"]
[Source "ChessBase"]
[SourceDate "2019.10.17"]
[SourceVersion "1"]
[SourceVersionDate "2019.10.17"]
[SourceQuality "1"]

1. e4 c5 2. Nf3 g6 3. c3 Bg7 4. d4 cxd4 5. cxd4 d5 6. e5 Nh6 7. h3 0-0 8. Bd3 Nc6 9. Nc3 Nf5 10. Be3 Nxe3 11. fxe3 f6 12. exf6 exf6 13. 0-0 f5 14. Rc1 Re8 15. Nxd5 Be6 16. Nf4 Bf7 17. Re1 Bh6 18. Bc4 Rxe3 19. Bxf7+ Kxf7 20. Rxe3 Bxf4 21. Qb3+ Kf8 22. Rec3 Bxc1 23. Rxc1 Nxd4 24. Qb4+ Kg8 25. Qxd4 Qe7 26. Qd5+ Kg7 27. Qe5+ Qxe5 28. Nxe5 Re8 29. Rc7+ Kg8 30. Nf3 h6 31. Rxb7 g5 32. Nd4 Re5 33. Rxa7 g4 34. Kf2 Re4 35. Ne2 h5 36. Ra5 gxh3 37. gxh3 1-0

[Event "Girona Gerunda op"]
[Site "Girona"]
[Date "2018.09.25"]
[Round "1"]
[White "Vegas Cortes, Jose Maria"]
[Black "Horta Gafarot, Biel"]
[Result "0-1"]
[WhiteElo "1266"]
[BlackElo "2036"]
[PlyCount "88"]
[EventDate "2018.09.25"]
[EventType "swiss"]
[EventRounds "9"]
[EventCountry "ESP"]
[SourceTitle "EXT 2020"]
[Source "ChessBase"]
[SourceDate "2019.10.17"]
[SourceVersion "1"]
[SourceVersionDate "2019.10.17"]
[SourceQuality "1"]

1. e4 c5 2. d4 cxd4 3. c3 g6 4. cxd4 d5 5. e5 Bg7 6. Nf3 Nh6 7. Bd3 0-0 8. 0-0 Nc6 9. Re1 Bg4 10. h3 Bxf3 11. Qxf3 Nxd4 12. Qe3 Nc6 13. Nd2 Nxe5 14. Nf3 Nxd3 15. Qxd3 e6 16. h4 Nf5 17. h5 Re8 18. hxg6 hxg6 19. Ng5 Rc8 20. Bd2 Bxb2 21. Rab1 Bf6 22. Nf3 b6 23. g4 Nd6 24. Kg2 Ne4 25. Rh1 Nxd2 26. Qxd2 Bg7 27. Rh3 Qf6 28. Rbh1 Qb2 29. Qf4 Rc2 30. Ng5 Qf6 31. Qxf6 Bxf6 32. Nh7 Bd4 33. g5 Kg7 34. Nf6 Rxf2+ 35. Kg3 Rxf6 36. Rh7+ Kf8 37. Rh8+ Ke7 38. gxf6+ Bxf6 39. Rxe8+ Kxe8 40. Rc1 Kd7 41. Kf3 Be7 42. Rh1 Bc5 43. Rh7 Ke7 44. Ke2 Kf6 0-1

[Event "Catalunya-chT GpB final"]
[Site "Barcelona"]
[Date "2018.04.14"]
[Round "4.10"]
[White "Lazaro Pujol, Abel"]
[Black "Horta Gafarot, Biel"]
[Result "1-0"]
[WhiteElo "1979"]
[BlackElo "1878"]
[PlyCount "37"]
[EventDate "2018.03.10"]
[EventType "team-tourn"]
[EventRounds "4"]
[EventCountry "ESP"]
[SourceTitle "EXT 2019"]
[Source "ChessBase"]
[SourceDate "2018.10.10"]
[SourceVersion "1"]
[SourceVersionDate "2018.10.10"]
[SourceQuality "1"]
[WhiteTeam "Olot"]
[BlackTeam "Gerunda"]
[WhiteTeamCountry "ESP"]
[BlackTeamCountry "ESP"]

1. e4 c5 2. Nf3 g6 3. d4 cxd4 4. Nxd4 Bg7 5. c4 Nc6 6. Be3 Nh6 7. Nc3 d6 8. Be2 f5 9. Nxc6 bxc6 10. c5 fxe4 11. cxd6 Nf5 12. 0-0 exd6 13. Qb3 Qe7 14. Bc4 Bb7 15. Bg5 Qc7 16. Rac1 Qb6 17. Qa4 h6 18. Nd5 Qd4 19. Rfd1 1-0

[Event "Girona-ch "]
[Site "Girona"]
[Date "2017.10.22"]
[Round "3"]
[White "Horta Gafarot, Biel"]
[Black "Carrasco Holgado, David"]
[Result "1/2-1/2"]
[WhiteElo "1832"]
[BlackElo "2049"]
[PlyCount "67"]
[EventDate "2017.10.08"]
[EventType "swiss"]
[EventRounds "9"]
[EventCountry "ESP"]
[SourceTitle "CBM 181 Extra"]
[Source "ChessBase"]
[SourceDate "2017.12.12"]
[SourceVersion "1"]
[SourceVersionDate "2017.12.12"]
[SourceQuality "1"]

1. Nf3 d5 2. c4 e6 3. g3 c6 4. d4 Nf6 5. Bg2 Be7 6. 0-0 0-0 7. cxd5 exd5 8. Nc3 Re8 9. Qc2 Bg4 10. Ne5 Bh5 11. f3 Nbd7 12. Nd3 Bg6 13. e4 dxe4 14. fxe4 Qb6 15. Be3 Ng4 16. Bf2 Nxf2 17. Qxf2 Bf6 18. e5 Bxd3 19. Rfd1 Bg6 20. exf6 Nxf6 21. d5 Qxf2+ 22. Kxf2 Ng4+ 23. Kg1 cxd5 24. Nxd5 Rac8 25. Rac1 Rxc1 26. Rxc1 h5 27. Nf4 Be4 28. Re1 Bc6 29. Rxe8+ Bxe8 30. Bxb7 g6 31. Nd5 Kf8 32. b3 Ne5 33. Kf2 f5 34. h3 1/2-1/2